000
00258nam a22000977a 4500
008
140717b xxu||||| |||| 00| 0 eng d
100
_9
212
_a
Virtual University of Pakistan
245
_a
Total Quality Management (MGMT-510) - DVD
300
_a
DVD
942
_2
ddc
_c
CF
999
_c
60206
_d
60206